000 00337nam a2200145Ia 4500
008 230917s9999||||xx |||||||||||||| ||und||
040 _e6414
_aMAIN
041 _aEnglish
082 _a152 G174H
100 _aGardner, Eldon J
245 0 _aHuman behavior
260 _aNew York
_bJohn Wiley
_c1983
300 _ax, 435 p.
942 _cBK
999 _c60884
_d60884